Top 100 Baby Girls' Names in Australia 2023 - Statistics

General Stats
  • This quiz has been taken 1,198 times
  • The average score is 33 of 100
Answer Stats
# Name % Correct
4 Olivia
80%
60 Emma
77%
79 Elizabeth
70%
41 Emily
70%
1 Charlotte
66%
56 Hannah
64%
6 Ava
63%
5 Mia
59%
80 Rose
59%
2 Amelia
58%
8 Ella
58%
15 Isabella
58%
24 Sophia
57%
16 Chloe
56%
11 Lily
56%
20 Sophie
56%
9 Grace
55%
30 Lucy
52%
21 Zoe
52%
66 Eva
51%
76 Bella
49%
53 Alice
48%
28 Ellie
44%
55 Abigail
43%
52 Isabelle
42%
3 Isla
42%
19 Evelyn
41%
13 Ivy
41%
26 Violet
41%
27 Daisy
39%
17 Ruby
39%
34 Georgia
38%
12 Harper
37%
81 Rosie
37%
63 Olive
36%
43 Penelope
36%
10 Willow
36%
45 Eleanor
35%
23 Evie
35%
87 Nora
35%
25 Aria
33%
40 Poppy
33%
31 Luna
32%
49 Maya
32%
22 Mila
32%
38 Zara
32%
85 Jasmine
31%
96 Claire
29%
44 Freya
29%
62 Lola
29%
83 Phoebe
29%
32 Scarlett
28%
29 Audrey
27%
35 Layla
27%
50 Millie
27%
18 Sienna
27%
33 Florence
26%
65 Stella
26%
36 Aurora
25%
37 Elsie
25%
7 Matilda
25%
42 Sofia
25%
68 Addison
24%
64 Harriet
24%
14 Hazel
24%
98 Lara
24%
93 Ariana
23%
78 Charlie
23%
59 Emilia
23%
67 Summer
23%
99 Gracie
22%
74 Quinn
21%
54 Sadie
20%
90 Elena
19%
69 Savannah
19%
70 Delilah
18%
71 Imogen
18%
97 Maisie
18%
61 Eloise
17%
94 Margot
17%
75 Eden
15%
92 Heidi
15%
91 Thea
15%
58 Bonnie
14%
100 Lilly
14%
95 Maggie
14%
73 Piper
14%
39 Billie
13%
82 Adeline
12%
86 Eliana
12%
46 Frankie
12%
57 Mackenzie
12%
48 Maeve
12%
51 Ayla
11%
72 Pippa
11%
88 Aaliyah
10%
84 Hallie
10%
89 Peyton
10%
77 Harlow
8%
47 Remi
5%
No matching quizzes found
Score Distribution
Percent of People with Each Score
Percentile by Number Answered
Your Score History
You have not taken this quiz